[Event "BAN-chT Premier"]
[Site "Dhaka"]
[Date "2025.04.25"]
[Round "2.3"]
[White "Rubel, Hossen"]
[Black "Samsul, Arefin"]
[Result "1-0"]
[WhiteElo "1937"]
[BlackElo "1911"]
[PlyCount "147"]
[EventDate "2025.04.24"]
[EventType "team-tourn"]
[EventRounds "9"]
[EventCountry "BAN"]
[SourceTitle "CB20_2025"]
[SourceDate "2025.05.14"]
[SourceVersion "1"]
[SourceVersionDate "2025.05.14"]
[SourceQuality "1"]
[WhiteTeam "Sports Bangla"]
[BlackTeam "Janata Bank Officer Welfare"]
[WhiteTeamCountry "BAN"]
[BlackTeamCountry "BAN"]

1. d4 Nf6 2. Nf3 Nc6 3. Bf4 e6 4. e3 a6 5. Nbd2 h6 6. c3 b6 7. Bd3 Nh5 8. 0-0 Nxf4 9. exf4 Bb7 10. Re1 Be7 11. Qe2 0-0 12. Ne5 Nxe5 13. fxe5 d6 14. f4 dxe5 15. fxe5 c5 16. dxc5 Bxc5+ 17. Kh1 Qc7 18. Be4 Bxe4 19. Qxe4 Rad8 20. Nf3 Rd5 21. Qe2 b5 22. c4 bxc4 23. Qxc4 Qb6 24. Rab1 Rfd8 25. b4 Bf2 26. Rf1 Be3 27. a4 Qb7 28. b5 axb5 29. axb5 Rb8 30. Rb3 Bb6 31. h3 Bc7 32. Re1 Rc8 33. Rc1 Rdd8 34. Rd3 Ba5 35. Rxd8+ Rxd8 36. Nd4 Qe4 37. Nc6 Qxc4 38. Rxc4 Rd1+ 39. Kh2 Bc7 40. Ne7+ Kf8 41. Rxc7 Rb1 42. Nc6 f6 43. exf6 gxf6 44. Nd4 e5 45. Nf5 e4 46. Rc8+ Kf7 47. Nd6+ Ke6 48. Nxe4 Rxb5 49. Rh8 Rh5 50. Nf2 f5 51. g4 fxg4 52. Nxg4 Ra5 53. Rxh6+ Kf7 54. Kg3 Kg7 55. Rc6 Rb5 56. Nh2 Rb4 57. Nf3 Kh7 58. Rd6 Ra4 59. Rd4 Ra5 60. Kg4 Kh6 61. h4 Rb5 62. Ng5 Rb1 63. Rd6+ Kg7 64. Kh5 Rb4 65. Rd7+ Kg8 66. Re7 Ra4 67. Kg6 Kf8 68. Rf7+ Kg8 69. h5 Ra5 70. Rg7+ Kf8 71. Ne6+ Ke8 72. h6 Ra6 73. Kf6 Ra1 74. Re7# 1-0

[Event "BAN-chT Premier"]
[Site "Dhaka"]
[Date "2025.04.24"]
[Round "1.3"]
[White "Mohammed, Sagar Ullah"]
[Black "Rubel, Hossen"]
[Result "1-0"]
[WhiteElo "2086"]
[BlackElo "1937"]
[PlyCount "105"]
[EventDate "2025.04.24"]
[EventType "team-tourn"]
[EventRounds "9"]
[EventCountry "BAN"]
[SourceTitle "CB20_2025"]
[SourceDate "2025.05.14"]
[SourceVersion "1"]
[SourceVersionDate "2025.05.14"]
[SourceQuality "1"]
[WhiteTeam "Dipali Memorial CC"]
[BlackTeam "Sports Bangla"]
[WhiteTeamCountry "BAN"]
[BlackTeamCountry "BAN"]

1. e4 d5 2. exd5 Qxd5 3. Nc3 Qa5 4. d4 Nf6 5. Nf3 Bf5 6. Bc4 c6 7. Ne5 e6 8. Bd2 Nbd7 9. Qe2 Bb4 10. a3 Nxe5 11. dxe5 Nd7 12. 0-0 Bxc3 13. Bxc3 Qc7 14. Rad1 0-0 15. Rd2 a5 16. Bd4 b5 17. Ba2 c5 18. Be3 Rab8 19. Rfd1 Rfd8 20. Bg5 c4 21. Bxd8 Rxd8 22. a4 Kf8 23. axb5 Ke7 24. Bxc4 h5 25. b6 Qxb6 26. Bb5 Bg4 27. Rxd7+ Rxd7 28. Rxd7+ Kf8 29. Qd3 g6 30. Qd6+ Qxd6 31. exd6 e5 32. Rd8+ Kg7 33. d7 Bxd7 34. Rxd7 Kf8 35. Bc4 f5 36. Rf7+ Ke8 37. Ra7 e4 38. Bf7+ Kd8 39. Bxg6 h4 40. Bxf5 a4 41. Bxe4 Kc8 42. Rxa4 Kc7 43. Bf5 Kd6 44. Rxh4 Ke5 45. Bd3 Kd5 46. b4 Kd6 47. c4 Kc6 48. Rh6+ Kc7 49. c5 Kb7 50. b5 Kc7 51. Rh7+ Kc8 52. c6 Kd8 53. b6 1-0

[Event "BAN-chB 46th"]
[Site "Dhaka"]
[Date "2021.12.20"]
[Round "6"]
[White "Rubel, Hossen"]
[Black "Kutubuddin"]
[Result "1-0"]
[WhiteElo "1736"]
[BlackElo "1885"]
[PlyCount "43"]
[EventDate "2021.12.15"]
[EventType "swiss"]
[EventRounds "9"]
[EventCountry "BAN"]
[SourceTitle "CBM 206 Extra"]
[Source "ChessBase"]
[SourceDate "2022.03.31"]
[SourceVersion "1"]
[SourceVersionDate "2022.03.31"]
[SourceQuality "1"]

1. e4 d6 2. d4 Nf6 3. Nc3 g6 4. Be3 Bg7 5. f3 c6 6. Qd2 e5 7. 0-0-0 Qa5 8. dxe5 dxe5 9. Qd6 Nbd7 10. Bc4 Qd8 11. Nh3 Qe7 12. Qd2 0-0 13. g4 Nb6 14. Bb3 Be6 15. Qf2 Nfd7 16. Ng5 Nc4 17. Nxe6 Nxe3 18. Rxd7 Qxd7 19. Nxf8 Bh6 20. Nxd7 Nxg4+ 21. Qd2 Bxd2+ 22. Kxd2 1-0

[Event "BAN-chB 46th"]
[Site "Dhaka"]
[Date "2021.12.18"]
[Round "4"]
[White "Ahmed, Walijah"]
[Black "Rubel, Hossen"]
[Result "1-0"]
[WhiteElo "1919"]
[BlackElo "1736"]
[PlyCount "133"]
[EventDate "2021.12.15"]
[EventType "swiss"]
[EventRounds "9"]
[EventCountry "BAN"]
[SourceTitle "CBM 206 Extra"]
[Source "ChessBase"]
[SourceDate "2022.03.31"]
[SourceVersion "1"]
[SourceVersionDate "2022.03.31"]
[SourceQuality "1"]

1. e4 d5 2. exd5 Qxd5 3. Nc3 Qd6 4. d4 Nf6 5. h3 a6 6. Nf3 Bf5 7. Be3 Nc6 8. a3 e5 9. dxe5 Nxe5 10. Nxe5 Qxe5 11. Qf3 Bc5 12. 0-0-0 0-0 13. Bf4 Qe7 14. Bg5 Bxa3 15. Nd5 Qe5 16. Bxf6 Bxb2+ 17. Kb1 Bxc2+ 18. Kxc2 gxf6 19. Bc4 b5 20. Ba2 f5 21. Rhe1 Qg7 22. Ne7+ Kh8 23. Nxf5 Qf6 24. Ne7 Qg7 25. Qg3 Qf6 26. Nd5 Qg7 27. Qxg7+ Bxg7 28. Nxc7 Rfc8 29. Rd7 Ra7 30. Ree7 Be5 31. Rxe5 Raxc7+ 32. Rxc7 Rxc7+ 33. Kb2 Kg7 34. Rf5 h6 35. Bb3 Kg6 36. Rd5 Kg7 37. Bc2 Re7 38. Bd3 Ra7 39. Rd6 Ra8 40. Kb3 Ra7 41. f4 Ra8 42. f5 h5 43. f6+ Kh6 44. Be4 Re8 45. Bf3 a5 46. Rd5 Rb8 47. Be2 a4+ 48. Kb4 Ra8 49. Ka3 b4+ 50. Kxb4 a3 51. Rd1 h4 52. Ra1 a2 53. Bc4 Kg6 54. Rxa2 Rb8+ 55. Kc3 Kxf6 56. Rf2+ Kg5 57. Rxf7 Ra8 58. Rg7+ Kf6 59. Rg4 Rh8 60. Kd4 Kf5 61. Bd5 Rh6 62. Be4+ Kf6 63. Rg6+ Rxg6 64. Bxg6 Kxg6 65. Ke4 Kg5 66. Ke5 Kh5 67. Kf5 1-0